| 000 -LEADER |
| fixed length control field |
00668nam a2200217 a 4500 |
| 001 - CONTROL NUMBER |
| control field |
015054343 |
| 003 - CONTROL NUMBER IDENTIFIER |
| control field |
UkOxU |
| 005 - DATE AND TIME OF LATEST TRANSACTION |
| control field |
20221227162605.0 |
| 008 - FIXED-LENGTH DATA ELEMENTS--GENERAL INFORMATION |
| fixed length control field |
000117r20012000enk j 000 1 eng d |
| 020 ## - INTERNATIONAL STANDARD BOOK NUMBER |
| International Standard Book Number |
9780141304779 |
| 040 ## - CATALOGING SOURCE |
| Original cataloging agency |
OX/U-1 |
| Transcribing agency |
OXF |
| Modifying agency |
KH8 |
| 082 ## - DEWEY DECIMAL CLASSIFICATION NUMBER |
| Classification number |
FIC KIN |
| 100 1# - MAIN ENTRY--PERSONAL NAME |
| Personal name |
King-Smith, Dick. |
| Relator term |
AUTHOR |
| 245 14 - TITLE STATEMENT |
| Title |
THE MAGIC CARPET SLIPPERS / |
| Statement of responsibility, etc. |
Dick King-Smith : illustrated by Ann Kronheimer. |
| 260 ## - PUBLICATION, DISTRIBUTION, ETC. |
| Place of publication, distribution, etc. |
London : |
| Name of publisher, distributor, etc. |
Puffin, |
| Date of publication, distribution, etc. |
2001. |
| 300 ## - PHYSICAL DESCRIPTION |
| Extent |
91 p. : |
| Other physical details |
ill. ; |
| Dimensions |
20 cm. |
| 500 ## - GENERAL NOTE |
| General note |
First published: London : Viking, 2000. |
| 700 1# - ADDED ENTRY--PERSONAL NAME |
| Personal name |
Kronheimer, Ann. |
| Relator term |
ILLUSTRATOR |
| 942 ## - ADDED ENTRY ELEMENTS (KOHA) |
| Source of classification or shelving scheme |
|
| Koha item type |
Books - Fiction |